[Event "Runwal Memorial op U15 Girls 29th"]
[Site "Mumbai"]
[Date "2012.09.27"]
[Round "11"]
[White "Srija, Seshadri"]
[Black "Shvetha, V."]
[Result "1-0"]
[WhiteElo "1964"]
[BlackElo "1818"]
[PlyCount "109"]
[EventDate "2012.09.18"]
[EventType "swiss"]
[EventRounds "11"]
[EventCountry "IND"]
[SourceTitle "EXT 2013"]
[Source "ChessBase"]
[SourceDate "2012.11.22"]
[SourceVersion "1"]
[SourceVersionDate "2012.11.22"]
[SourceQuality "1"]

1. e4 c5 2. Nf3 d6 3. d4 cxd4 4. Nxd4 Nf6 5. Nc3 g6 6. Be3 Bg7 7. f3 0-0 8. Qd2 Nc6 9. 0-0-0 Nxd4 10. Bxd4 Be6 11. Kb1 Rc8 12. h4 h6 13. g4 Nd7 14. Bxg7 Kxg7 15. f4 Bxg4 16. Be2 Bxe2 17. Nxe2 Nf6 18. Ng3 h5 19. e5 Ng4 20. f5 Qc7 21. Rhg1 Kh7 22. e6 Qxc2+ 23. Qxc2 Rxc2 24. Kxc2 Ne3+ 25. Kb3 Nxd1 26. f6 exf6 27. Rxd1 fxe6 28. Rxd6 Rf7 29. Rxe6 Kh6 30. Ne4 Kg7 31. Kc3 f5 32. Ng5 Rd7 33. a3 Kh6 34. Nf3 Kh7 35. Ne5 Rg7 36. Rf6 Kh6 37. Kd4 Kh7 38. Rf7 Rxf7 39. Nxf7 Kg7 40. Ng5 Kf6 41. a4 a5 42. b3 b6 43. Kd5 f4 44. Ke4 f3 45. Nxf3 Ke6 46. Ne5 Kd6 47. Kd4 Ke6 48. Ke4 Kd6 49. Nxg6 Kc5 50. Kd3 Kb4 51. Kc2 b5 52. axb5 Kxb5 53. Nf4 a4 54. bxa4+ Kxa4 55. Nxh5 1-0

[Event "Runwal Memorial op U15 Girls 29th"]
[Site "Mumbai"]
[Date "2012.09.23"]
[Round "7"]
[White "Shvetha, V."]
[Black "Parnali, S Dharia"]
[Result "1/2-1/2"]
[WhiteElo "1818"]
[BlackElo "1888"]
[PlyCount "64"]
[EventDate "2012.09.18"]
[EventType "swiss"]
[EventRounds "11"]
[EventCountry "IND"]
[SourceTitle "EXT 2013"]
[Source "ChessBase"]
[SourceDate "2012.11.22"]
[SourceVersion "1"]
[SourceVersionDate "2012.11.22"]
[SourceQuality "1"]

1. e4 e5 2. Nf3 Nc6 3. Bb5 a6 4. Ba4 Nf6 5. 0-0 b5 6. Bb3 Bc5 7. d3 d6 8. h3 Bb6 9. c3 Ne7 10. Bc2 Ng6 11. d4 0-0 12. Re1 h6 13. dxe5 dxe5 14. Qe2 Qe7 15. a4 Rb8 16. axb5 axb5 17. Bd3 c6 18. Bd2 Nh5 19. Be3 Ngf4 20. Qc2 Bxe3 21. Rxe3 Rd8 22. Bf1 Rd6 23. Kh2 Rg6 24. c4 Qf6 25. Qc3 Nxg2 26. Bxg2 Nf4 27. Bf1 Nxh3 28. Qxe5 Nxf2 29. Qxf6 Ng4+ 30. Kh1 Nf2+ 31. Kh2 Ng4+ 32. Kh1 Nf2+ 1/2-1/2

[Event "IND-chB (Women) 38th"]
[Site "Chennai"]
[Date "2011.07.08"]
[Round "9"]
[White "Shvetha, V."]
[Black "Sandhya, Goli"]
[Result "1-0"]
[WhiteElo "1766"]
[BlackElo "1828"]
[PlyCount "107"]
[EventDate "2011.07.02"]
[EventType "swiss"]
[EventRounds "11"]
[EventCountry "IND"]
[SourceTitle "CBM 143 Extra"]
[Source "ChessBase"]
[SourceDate "2011.08.29"]
[SourceVersion "1"]
[SourceVersionDate "2011.08.29"]
[SourceQuality "1"]

1. e4 c5 2. Nc3 e6 3. g3 Nc6 4. Bg2 g6 5. d3 Bg7 6. Be3 d6 7. Qd2 Nge7 8. Bh6 Kf8 9. h4 Nd4 10. Bxg7+ Kxg7 11. h5 h6 12. f4 e5 13. Nd1 Ng8 14. c3 Nc6 15. Nf3 Nf6 16. hxg6 fxg6 17. f5 gxf5 18. exf5 Bxf5 19. Ne3 Be6 20. Nh4 Qd7 21. 0-0-0 Ne7 22. b3 Rad8 23. Bf3 Ng4 24. Qe2 Nxe3 25. Qxe3 Bg4 26. Qe2 Bxf3 27. Nxf3 Ng6 28. Rdg1 Qg4 29. Rh4 Qe6 30. Rh2 Rdf8 31. Nh4 Qf6 32. Qe4 Qg5+ 33. Kb1 Rf7 34. Rgh1 Nxh4 35. Rxh4 Qf6 36. Rg4+ Kf8 37. Rg6 Qf2 38. Rxd6 Qxg3 39. Rd8+ Kg7 40. Rxh8 Kxh8 41. Rxh6+ Kg7 42. Rh7+ Kf8 43. Rxf7+ Kxf7 44. Qxb7+ Ke6 45. Qc8+ Kd6 46. Kb2 Qf2+ 47. Ka3 Qc2 48. Qa6+ Kd5 49. c4+ Kd4 50. Qd6+ Kc3 51. Qxe5+ Kxd3 52. Qf5+ Kc3 53. Qxc2+ Kxc2 54. b4 1-0